000 00821cab a2200241 4500
001 WB2934-06
008 090401t1993 xxu||||| |||| 00| 0 eng d
035 _a(Sirsi) u24972
041 _aeng
245 _aCost of construction
260 _c1993
350 _a0
490 _aRICS Press Release
_v(PR174/93cons) 9 September 1993 (3)
520 _aResearch from the RICS Building Cost Information Service reveals a 4% increase in the cost of construction in 1994 as builders are unable to continue to absorb the rising cost of materials.
650 _aBCIS ALL-IN TENDER PRICE INDEX
650 _aBUILT ENVIRONMENT-BUILDING COSTS
650 _aBUILDING MATERIAL PRICES
650 _aFORECAST
650 _aTENDER PRICES
690 _aBUILT ENVIRONMENT-BUILDING COSTS
942 _n0
948 _c04/03/1997
999 _c16747
_d16747